000 05861nam a2200385 a 4500
003 CHAP
005 20260407083626.0
007 ta
008 260319s2025 mx ado|fom||| 001 0 spa d
040 _erda
041 _aspa
_beng
100 1 _aJuárez Molina, Ángel Arturo
_9189423
240 1 0 _aClassification of mezcal using artificial intelligence and descriptive sensory analysis.
_lEspañol
245 1 0 _aClasificación de mezcales mediante inteligencia artificial y análisis sensorial descriptivo /
_cÁngel Arturo, Juárez Molina
264 _aChapingo, México :
_bEl autor,
_c2025
300 _a1 recurso en línea ( XII, 61 páginas) :
_bilustraciones, tablas, gráficas, fotografías
336 _2rdacontent
_atexto
_btxt
337 _2rdamedia
_acomputadora
_bc
338 _2rdacarrier
_arecurso en línea
_bcr
502 _aTesis
_bMCTA
_cAgroindustrias
_d2025
_gMAE
504 _aIncluye bibliografías
520 3 _aEl mezcal es una bebida destilada mexicana cuya diversidad biológica genera una amplia variabilidad en su composición química. Aunque esta heterogeneidad es parte de su identidad, también complica la caracterización objetiva por especie de Agave, aspecto relevante para la certificación del producto. Aunque su composición ha sido ampliamente estudiada, su uso con fines de clasificación ha sido poco explorado, a diferencia de otras bebidas destiladas. En ese contexto, los datos fisicoquímicos de certificación generados de manera rutinaria bajo métodos estandarizados representan una fuente accesible para desarrollar herramientas complementarias basadas en aprendizaje automático. El objetivo de esta investigación fue clasificar mezcales por especie de agave utilizando modelos de aprendizaje automático entrenados con dichos datos, para identificar los modelos idóneos para dicha tarea. Se analizaron 393 muestras certificadas de Oaxaca. La metodología incluyó un análisis estadístico mediante la prueba de Kruskal–Wallis para identificar variables con diferencias significativas entre especies. Posteriormente, se preparó y exploró el conjunto de datos, evaluando su desbalance y generando escenarios analíticos que permitieron comparar el desempeño de los modelos bajo distintas configuraciones. En la etapa de modelado se entrenaron más de mil modelos, resultado de evaluar seis algoritmos supervisados bajo múltiples configuraciones mediante validación cruzada y búsqueda de hiperparámetros. Se utilizó la métrica f1-score para identificar las configuraciones con mejor desempeño. De manera complementaria, se aplicó la metodología CATA para evaluar si las diferencias químicas identificadas por los modelos se reflejaban en la percepción del consumidor. Los resultados mostraron diferencias significativas entre especies en alcoholes superiores y metanol, además de modelos con alta capacidad de clasificación. En conjunto, los hallazgos demuestran que los datos fisicoquímicos de certificación pueden alimentar modelos capaces de distinguir mezcales por especie y ofrecen una base para el desarrollo de futuras herramientas computacionales de autentificación.
520 3 _aMezcal is a Mexican distilled beverage whose biological diversity generates wide variability in its chemical composition. Although this heterogeneity is part of its identity, it also complicates the objective characterization by Agave species, an aspect relevant to product certification. Although its composition has been widely studied, its use for classification purposes has been little explored, unlike other distilled beverages. In this context, the physicochemical certification data routinely generated under standardized methods represent an accessible source for developing complementary tools based on machine learning. The objective of this research was to classify mezcales by agave species using machine learning models trained with these data, in order to identify the most suitable models for this task. A total of 393 certified samples from Oaxaca were analyzed. The methodology included a statistical analysis using the Kruskal–Wallis test to identify variables with significant differences between species. Subsequently, the dataset was prepared and explored, evaluating its imbalance and generating analytical scenarios that allowed comparison of model performance under different configurations. In the modeling stage, more than one thousand models were trained as a result of evaluating six supervised algorithms under multiple configurations through cross-validation and hyperparameter tuning. The f1-score metric was used to identify the configurations with the best performance. Complementarily, the CATA methodology was applied to assess whether the chemical differences identified by the models were reflected in consumer perception. The results showed significant differences between species in higher alcohols and methanol, as well as models with high classification capacity. Taken together, the findings demonstrate that physicochemical certification data can be used to train models capable of distinguishing mezcales by species and provide a basis for the development of future computational authentication tools.
650 1 3 _aAlcoholes etílicos
_xPropiedades sensoriales
_2atg
_9163452
650 1 3 _aBebidas alcohólicas
_2atg
_9146806
650 1 3 _aInteligencia artificial
_2atg
_959507
650 1 3 _aDistilled spirits
_xSensory properties
_2atg
_9163455
650 1 3 _aAlcoholic beverages
_2atg
_9160443
650 1 3 _aArtificial intelligence
_2atg
_9156957
700 1 _aAguirre Mandujano, Eleazar
_93008
_edirector
700 1 _aAguirre Anaya, Eleazar
_9189165
_easesor
700 1 _aPérez López, Artemio
_9149931
_easesor
856 _uhttp://10.13.5.2/tesis/t?/archivo.pdf
_zDESCARGAR PDF
942 _2Clasificación Universidad Autónoma Chapingo
_cTD
999 _c233158
_d233158